000 01142nam a2200277Ia 4500
003 OSt
005 20220923211310.0
006 a|||||r|||| 00| 0
007 ta
008 220922b |||||||| |||| 00| 0 hin d
020 _a9788179755693 (bhbk)
_c450
024 _a325,826
037 _b252, 13/03/2018, Shivalik Prakashan
_cTextual
040 _aARTS
_cARTS
_bhin
041 _2hin
_ahin
082 _aO152,6N12:g, Q5
100 _aश्रीवास्तव, रवि, ले.
_9158175
245 0 _aडॉ रामविलास शर्मा
_b मिथकों के विरुद्व एक आलोचक
246 _aḌaॉ rāmavilās sharmā: mithakoan ke virudva ek ālochaka
260 _aनई दिल्ली
_b अनामिका पब्लिशर्स
_c2015
300 _a170पृ.
_ccm.
650 _a हिन्दी साहित्य
_9156264
650 _aहिन्दी निबंध
942 _hO152,6N12:g, Q5
_cTEXL
_2CC
999 _c298236
_d298236